Treasury notes of May 15, 1997, series A-1997.

Bibliographic Details
Corporate Author: United States. Department of the Treasury. Office of the Secretary
Format: Government Document Book
Language:English
Published: Washington : Dept. of the Treasury, Office of the Secretary, 1987.
Series:Department circular, public debt series ; no. 12-87
Subjects:

MARC

Tag First Indicator Second Indicator Subfields
LEADER 00000cam a2200000 a 4500
001 in00000860413
005 20151019095604.0
008 871011s1987 dcu f00010 eng d
010 |a gp 88003015  
035 |a (OCoLC)16865577 
035 |9 AEG7102AM 
040 |a GPO  |c GPO  |d UtOrBLW 
043 |a n-us--- 
050 0 |a 88003015 
074 |a 924 
086 0 |a T 1.4/3:12-87 
110 1 |a United States.  |b Department of the Treasury.  |b Office of the Secretary. 
245 1 0 |a Treasury notes of May 15, 1997, series A-1997. 
264 1 |a Washington :  |b Dept. of the Treasury, Office of the Secretary,  |c 1987. 
300 |a 6 pages ;  |c 27 cm. 
336 |a text  |b txt  |2 rdacontent 
337 |a unmediated  |b n  |2 rdamedia 
338 |a volume  |b nc  |2 rdacarrier 
490 1 |a Department circular, public debt series ;  |v no. 12-87 
500 |a Caption title. 
500 |a Shipping list number: 87-594-P. 
500 |a "April 30, 1987." 
500 |a Includes supplement to Dept. circular, public debt series, number 12-87. 
650 0 |a Securities  |z United States. 
650 0 |a Debts, Public  |z United States. 
810 1 |a United States.  |b Department of the Treasury.  |b Office of the Secretary.  |t Department circular, public debt series ;  |v no. 12-87. 
999 |a MARS 
999 f f |s 69f8c797-722a-317a-bdd0-93aeaa327a5b  |i 458d48ff-3500-34ba-b448-be69158d9106  |t 0 
952 f f |p normal  |a Texas A&M University  |b College Station  |c Sterling C. Evans Library  |d Evans: US Documents (Annex 5th floor)  |t 0  |e T 1.4/3:12-87  |h Superintendent of Documents classification  |i unmediated -- volume  |m A14814627366 
998 f f |a T 1.4/3:12-87  |t 0  |l Evans: US Documents (Annex 5th floor)